Egypt /

محفوظ في:

المؤلف الرئيسي: Haag, Michael.

التنسيق: كتاب

اللغة: English

منشور في: Cairo : American University in Cairo Press, 2010.

الطبعة: 1st ed.

الموضوعات:

الوسوم: إضافة وسم

لا توجد وسوم, كن أول من يضع وسما على هذه التسجيلة!

رقم الطلب: DT45 .H23 2010

LEADER 00757nam a2200241Ia 4500
003 OSt
005 20230511105231.0
008 220611s2010 ua ab 000 0 eng d
952 |0 0  |1 0  |2 lcc  |4 0  |6 DT0045 H23 02010  |7 1  |9 47382  |a ARCE  |b ARCE  |d 2023-05-11  |l 0  |o DT45 .H23 2010  |p 1008481  |r 2023-05-11 00:00:00  |w 2023-05-11  |y BK 
999 |c 47547  |d 47547 
020 |a 9789774163685 
040 |c ARCE Library 
050 4 |a DT45 .H23 2010 
100 1 |a Haag, Michael. 
245 1 0 |a Egypt /   |c Michael Haag. 
246 1 3 |a AUC Press Guide 
250 |a 1st ed. 
264 1 |a Cairo :   |b American University in Cairo Press,   |c 2010. 
300 |a 544 p. :   |b ill., maps ;   |c 21 cm. 
651 0 |a Egypt   |v Guidebooks. 
651 0 |a Egypt   |x History. 
901 |a reviewed 
942 |2 lcc  |c BK